Takkan berhenti mencintaimu

Bibliographic Details
Main Author: Nass Alina Noah
Format: Book
Published: KL : Fajar Pakeer Sdn. Bhd , 2009
Subjects:

MARC

LEADER 00000cam a2200000 7i4500
001 0000036348
005 20130617.0
008 130617
020 |a 9833880492 
090 0 0 |a NAS   |b MAL 
100 0 |a Nass Alina Noah 
245 1 0 |a Takkan berhenti mencintaimu   |c Nass Alina Noah 
260 |a KL :   |b Fajar Pakeer Sdn. Bhd ,   |c 2009 
650 0 |a Malay fiction 
999 |a 0001228853   |b Book   |c Adult Collection   |e Perbadanan Perpustakaan Awam Johor